| 000 | 01187nam a2200277Ia 4500 | ||
|---|---|---|---|
| 999 |
_c5153 _d5153 |
||
| 003 | OSt | ||
| 005 | 20200331174103.0 | ||
| 008 | 191128s1993 ck gr 000 0 spa d | ||
| 020 | _a9586390829 | ||
| 040 |
_aCO-JMCR _cCO-JMCR |
||
| 041 | 0 | _aspa | |
| 082 | 0 | 4 |
_a320.9861 / _bC536f _221 |
| 100 | 1 |
_aChild, Jorge, _eautor _92313 |
|
| 245 | 1 | 0 |
_aFin del estado / _cJorge Child |
| 250 | _aPrimera edición | ||
| 260 |
_aBogotá : _bGrijalbo, _c1993 |
||
| 300 |
_a240 páginas ; _c19 cm. |
||
| 500 | _a"Desestabilización política caos constitucional"--Tapa | ||
| 505 | 0 | _aApertura y nueva constitución -- Neoliberalismo constitucional -- La crisis del Estado -- Universidad y mercado -- Justicia económica -- Mercado y comunicaciones -- Filosofías postmarxistas | |
| 520 | _aCon el colapso de los regímenes socialistas y comunistas surgió la futurología neoliberal para regular el neocapitalismo triunfante. Simultáneamente, al desaparecer la razón de la "guerra fría", el liderazgo de los Estados Unidos. | ||
| 650 | 1 | 4 |
_aEstado _92314 |
| 650 | 1 | 4 |
_aFormas de gobierno _92315 |
| 650 | 1 | 4 |
_aCiencia política _92316 |
| 650 | 1 | 4 |
_aPoder político _92317 |
| 942 |
_2ddc _cBK |
||